00886nam a2200217 a 450000100100000000500170001000800410002704000250006808200170009310000200011024501340013026000440026430000380030850000350034650400740038153401090045570000220056470000220058670000340060870000260064200002454120200930023228.0110131s1975 mx ac r 001 0 spa d aDO-SdBNPbspacBNPHU axxxxxbR414m1 aRenner, John W.13aEl maestro subversivo /cJohn W. Renner , Robert F. Bibens , Gene D. Shepherd ; traducción Ma. Elena Carbajal y Hans A. Ritter. aMéxico, D. F. :bPax-México,c1975. ax,330 p. :bil., retrs. ;c21 cm. aIncluye índice alfabético. aIncluye referencias bibliográficas y notas al pie de las páginas. pTítulo original en inglés:tGuiding learning in the secondary schoolcNew York : Harper & Row, 1972.1 aBibens, Robert F.1 aShepherd, Gene D.1 aCarbajal, María Elena,etr.1 aRitter, Hans A.,etr.